000
00282nam a22001217a 4500
082
_a
000
_b
ARO/C
100
_a
SUMITA ARORA
245
_a
COMPUTER SCIENCE C++
_b
CLASS XI
260
_a
DELHI
_b
DHANPAT RAI & CO
_c
2008
300
_a
488
650
_a
SC FOR CLASS XI C++
_z
INDIA
942
_c
BK
999
_c
565
_d
565